Statistics for Geography by Picture - B

Click here to take the quiz!

General Stats

  • This quiz has been taken 12,954 times
    (12,894 since last reset)
  • The average score is 12 of 18

Answer Stats

Answer % Correct
Brazil
97%
Belgium
94%
Berlin
90%
Big Apple
81%
Black Sea
80%
Bavaria
77%
Babylon
74%
Brussels
72%
Borneo
68%
Beijing
64%
Budapest
62%
Boston
61%
Bolivia
60%
Bangkok
56%
Bali
38%
Bosporus
36%
Bilbao
31%
Butte
19%

Score Distribution

Percentile by Number Answered

Percent of People with Each Score

Your Score History

You have not taken this quiz since the last reset